000 00476nam a2200181Ia 4500
003 OSt
005 20260326150203.0
008 211028s2009 xx 000 0 und d
040 _cAIMIT LIBRARY
041 _aeng
082 _a658.15 KAHA
100 _aKahader M P, Abdul;Dias, Beena.
_g716001
_96028
245 _aStudy on ratio analysis of mahindra finance /
260 _bDias, Beena
_c2009
600 _aFinance
_96029
650 _aFinance
_96030
942 _2ddc
_cPRO
999 _c218101
_d218101